| 000 | 01131pam a2200301 a 4500 | ||
|---|---|---|---|
| 999 |
_c10199 _d10199 |
||
| 001 | 1595362 | ||
| 003 | OSt | ||
| 005 | 20191224130322.0 | ||
| 008 | 940127s1994 enka b 001 0 eng | ||
| 010 | _a 94004394 | ||
| 020 | _a0415100259 | ||
| 020 | _a0415100267 (pbk.) | ||
| 040 |
_aDLC _coclc _dDLC |
||
| 043 | _ad------ | ||
| 082 | 0 | 0 |
_a330.91724 _220 _bJHA/M |
| 100 |
_aJha, Raghbendra _9730 |
||
| 245 | 1 | 0 |
_aMacroeconomics for developing countries / _cRaghbendra Jha |
| 260 |
_aLondon ; _aNew York : _bRoutledge, _c1994. |
||
| 300 | _a321 p | ||
| 504 | _aIncludes bibliographical references (p. [303]-314) and index. | ||
| 650 | 0 | _aMacroeconomics. | |
| 651 | 0 |
_aDeveloping countries _xEconomic conditions. |
|
| 651 | 0 |
_aDeveloping countries _xEconomic policy. |
|
| 856 | 4 | 2 |
_3Publisher description _uhttp://www.loc.gov/catdir/enhancements/fy0909/94004394-d.html |
| 906 |
_a7 _bcbc _corignew _d1 _eocip _f19 _gy-gencatlg |
||
| 942 |
_2ddc _cBK _h330.91724 _iJHA/M _k330.91724 _mJHA/M |
||